000 00379nam a2200157Ia 4500
003 Ost
005 20260225132558.0
008 260225s9999||||xx |||||||||||||| ||und||
040 _cfsic
041 _afre
082 _a302.23
100 _asaint exupery antoine
_eAuteur
245 0 _avol de nuit suivi terre des hommes /
245 0 _csaint exupery antoine
942 _cكتاب
999 _c34590
_d34590